| 000 | nam a22 7a 4500 | ||
|---|---|---|---|
| 999 |
_c4852 _d235356 |
||
| 020 | _a9789873005169 | ||
| 080 | _a347 C 498 | ||
| 245 |
_aCódigo Civil y Comercial de la Nación _bcomentado |
||
| 260 |
_aSanta Fe _bRubinzal- Culzoni _c2014 |
||
| 300 |
_aV 1: 912 P. ; V 2: 848 P. ; V 3: 712 P. ; V 4: 696 P. ; V 5: 840 P. ; V 6: 904 P. ; V 7: 920 P. ; V 8: 992 P. ; V 9: 872 P. ; V 10: 920 P. ; V 11: 896 P. _c23 X 16 Cm. |
||
| 650 |
_xderechos de incidencia colectiva _xmatrimonio _xcompensacion economica _xcomunidad de bienes _xbienes propios _xbienes gananciales _xuniones convivenciales _xregistro _xseparacion de bienes _xpactos de convivencia _xproteccion de vivienda familiar _xresponsabilidad parental _xderecho de comunicacion _xreproduccion humama asistida _xfiliacion _xaccion de impugnacion _xadopcion _xderecho a conocer los origenes _xinteres superior del niño _xdeclaracion judicial _xjuicio de adopcion _xderecho del niño a ser oido _xprogeniores adolescentes _xprohibicion de malos tratos _xcuidado |
||
| 945 |
_acd _d2018-08-14 |
||
| 942 | _6_ | ||